“El tiempo nos alcanzó” : (Record no. 191556)

MARC details
000 -CABECERA
campo de control de longitud fija 01786nab a2200253 a 4500
005 - FECHA Y HORA DE LA ÚLTIMA TRANSACCIÓN
campo de control 20210219163251.0
008 - ELEMENTOS DE LONGITUD FIJA--INFORMACIÓN GENERAL
campo de control de longitud fija 991125s1985 mx 000 0 spa u
035 ## - NÚMERO DE CONTROL DEL SISTEMA
Número de control de sistema UPN01000219456
049 ## - COLECCIÓN
Colección ART
100 1# - ASIENTO PRINCIPAL--NOMBRE PERSONAL
Nombre de persona Ortega Bayona, Berenice
100 1# - ASIENTO PRINCIPAL--NOMBRE PERSONAL
Filiación bereniceob@yahoo.com
222 #0 - TÍTULO CLAVE
Título clave ESTUDIOS SOCIOLOGICOS : REVISTA DE INVESTIGACION CIENTIFICA
245 00 - MENCIÓN DE TÍTULO
Título “El tiempo nos alcanzó” :
Resto del título huellas de la Asamblea Popular de los Pueblos de Oaxaca en el contexto de la alternancia
260 ## - PUBLICACIÓN, DISTRIBUCIÓN, ETC.
Lugar de publicación, distribución, etc. México
300 ## - DESCRIPCIÓN FÍSICA
Extensión 91-117
362 0# - FECHAS DE PUBLICACIÓN Y/O DESIGNACIÓN SECUENCIAL
Fecha de publicación y/o designación secuencial 2017 Volumen 35, número 103, enero-abril
520 3# - NOTA DE RESUMEN, ETC.
Sumario, etc. Este artículo examina las distintas rutas y formas de lucha que adoptaron sectores representativos de la appo después de las movilizaciones de 2006, particularmente ante el contexto de la alternancia política en la gubernatura en 2010. Para ello, revisaremos brevemente la influencia que tuvo la appo en las reformas políticas implementadas por el nuevo gobierno, así como en las relaciones políticas entre sectores populares movilizados y las autoridades en este nuevo escenario. Además, analizaremos la incidencia que tuvieron las motivaciones y experiencias de organización compartidas de 2006, así como el contexto post-2010, en la agenda y formas de acción política de diferentes sectores populares movilizados. De esta manera, podremos ubicar cambios y continuidades en la cultura política de la protesta, y su importancia para la transformación y democratización de las relaciones políticas en el estado
653 0# - TERMINO DE INDIZACION - NO CONTROLADO
Término no controlado RELACIONES POLITICAS
653 0# - TERMINO DE INDIZACION - NO CONTROLADO
Término no controlado PROTESTA SOCIAL
653 0# - TERMINO DE INDIZACION - NO CONTROLADO
Término no controlado OAXACA, MEXICO
856 4# - LOCALIZACIÓN Y ACCESO ELECTRÓNICOS
Identificador Uniforme del Recurso <a href="http://www.redalyc.org/articulo.oa?id=59849770004">http://www.redalyc.org/articulo.oa?id=59849770004</a>
856 4# - LOCALIZACIÓN Y ACCESO ELECTRÓNICOS
Identificador Uniforme del Recurso <a href="DOI: http://dx.doi.org/10.24201/es.2017v35n103.1518">DOI: http://dx.doi.org/10.24201/es.2017v35n103.1518</a>
905 ## - TIPO DE MATERIAL
Tipo de material Articulo

No items available.